The Airline Quiz - Statistics

General Stats
  • This quiz has been taken 29 times
  • The average score is 9 of 20
Answer Stats
Hint Answer % Correct
Heathrow airport is a major hub for which European airline British airways
96%
Has the worlds largest A380 fleet Emirates
84%
As of 2024 this airline has the largest fleet of aircraft in service American Airlines
68%
The oldest operating airline in the world KLM
68%
The only airline that flies to all 7 continents in the world Qantas
56%
Currently the only airline that operates 400+ aircraft all of the same generalized model Ryanair
56%
A European carrier having central hubs in Copenhagen, Oslo andStockholm Scandinavian Airlines
56%
This airline's logo is called "Tsuru" which is a crane Japan airlines
52%
This airline named its first 747 aircraft "THE CLIPPER VICTOR" Pan Am
48%
The sole operator of the A350 900 ULR used on its flight to Newark Liberty International Singapore airlines
48%
As of 2024 this has been named the worlds cleanest airline.For future reference (Asian airline founded by an American and an Australian) Cathay Pacific
44%
Has its main operating hub in Taipei Taoyuan China Airlines
44%
The first European airliner to operate the 787 Dreamliner LOT Polish airlines
40%
Once had a connectivity to over 3600 domestic destinations in the country Aeroflot
28%
The first Asian airline to fly jet aircraft as parts of its regular operations Air India
28%
Middle eastern airline initially operated by Trans World Atlantic (TWA) Saudia
24%
When the aircraft of this airline is flying its ATC callsign is "SHEPHARD ONE" Alitalia
16%
This airline went out of service because its owner went personally bankrupt and ran off to England Kingfisher
12%
Which airline was the first (1963) to integrate computerized reservation system in its operating bases Air Canada
8%
The oldest operating Asian airline in the world Philippine airlines
4%
No matching quizzes found
Score Distribution
Percent of People with Each Score
Percentile by Number Answered
Your Score History
You have not taken this quiz